Freguesias de Vila Franca de Xira - Statistics

Estatísticas Gerais
  • Esse quiz foi jogado 11 vezes
  • A pontuação média é 5 de 6
Estatísticas das Respostas
Resposta % Correto
Alverca do Ribatejo e Sobralinho
100%
Vila Franca de Xira
90%
Alhandra, São João dos Montes e Calhandriz
80%
Castanheira do Ribatejo e Cachoeiras
80%
Póvoa de Santa Iria e Forte da Casa
70%
Vialonga
70%
Nenhum quiz correspondente encontrado
Distribuição das Pontuações
Porcentagem de Pessoas com Cada Pontuação
Percentil de Números Respondidos
Sua Pontuação Histórica
Você não jogou esse quiz